000 00557nam a2200181 4500
001 116690
003 ES-MaACL
005 20240416102839.0
007 t|
008 061121s1963 sp r ||||1| spa d
100 1 _aOttieri, Ottiero.
_987947
245 1 3 _aEl ojo de la aguja /
_cOttiero Ottieri ; traducción del italiano de Jesús López Pacheco.
260 _aMadrid :
_bHorizonte,
_c1963.
300 _a263 p. ;
_c21 cm.
700 1 _aLópez Pacheco, Jesús,
_d1930-1997
_973855
852 _aES-MaACL
_jC-23667
_bR.52500
999 _c116690
_d116690